Responses for Show #3917 - Tuesday, September 18, 2001

Mark Dawson game 3.

Contestants

[<< previous game]

Suzanne Fatta, a graduate student from Somerville, Massachusetts

Sam Keen, a college student from College Station, Texas

Mark Dawson, a business manager from Chamblee, Georgia (whose 2-day cash winnings total $25,198)

[next game >>]

Jeopardy! Round responses

ALL IN THE FAMILY
EMOTIONS
THEY WROTE FOR BRITANNICA
TRUSTY SIDEKICKS
(Alex: We'll name the sidekick, you name the partner.)
LEGAL BRIEFS
FAKING IT
    $100 11
minnow

Suzanne
    $100 6
rage

Sam
    $100 21
Freud

Sam
    $100 25
(Alex: With less than a minute.)

Dr. Evil

Mark
    $100 16
(Sam: What is the Constitution?)

code

MarkSam
    $100 1
white

Sam
    $200 12
bass

Mark
    $200 7
jealousy

Suzanne
    $200 22
Einstein

Suzanne
    $200 26
Pumbaa

Suzanne
    $200 17
the perpetrator

Mark
    $200 2
wool

Suzanne
    $300 13
an eggplant

Suzanne
    $300 8
euphoria

Mark
    $300 23
(Orville) Wright

Suzanne
    $300 27
Mr. Peabody

Mark
    $300 18
Queen's Bench (or King's Bench)

Mark
    $300 3
a poker face

Suzanne
    $400 14
(Sam: What is a... condor?)

the crane

MarkSam
    $400 9
contempt

Mark
    $400 24
guerrilla warfare

Mark
    $400 30
Beany

Triple Stumper
    $1,000 19
(Alex: You're correct. Mr. Ashcroft currently holds that post.)

the Attorney General

Mark
    $400 4
Bamboozled

Suzanne
    $500 15
the leopard

Mark
    $500 10
fear

Mark
    $500 28
(George Bernard) Shaw

Mark
    $500 29
(Alex: In Of Mice and Men.)

George

Mark
    $500 20
the Harvard Law Review

Suzanne
    $500 5
(Mark: What is ad lib?)
...
(Alex: They were standing in the wings, hence the phrase [*].)

winging it

Mark
Triple Stumper

Scores at the first commercial break (after clue 15):

Mark Sam Suzanne
$1,800 -$200 $1,500

Scores at the end of the Jeopardy! Round:

Mark Sam Suzanne
$5,200 -$200 $2,700

Double Jeopardy! Round responses

HAPPY BIRTHDAY, THE NEW YORK TIMES
(Alex: 150 years ago today The New York Times began publishing its newspaper, and so we want to wish them a happy birthday: a whole category devoted to them.)
THE OSCARS
MODERN CONVENIENCES
LOTS OF ELBOW ROOM
"E.T."
PHONE HOME!
    $200 16
a penny

Suzanne
    $200 1
Funny Girl (or A Star is Born)

Sam
    $200 21
a lawn mower

Suzanne
    $200 26
Greenland

Suzanne
    $200 10
the Eiffel Tower

Sam
    $200 5
Graceland

Sam
    $400 17
Times Square

Sam
    $400 2
Crouching Tiger, Hidden Dragon

Mark
    $400 28
an iron

Sam
    $400 27
Mongolia

Mark
    $400 11
an e-ticket (or an electronic ticket)

Mark
    $400 6
Jacob

Triple Stumper
    $600 18
"Science Times"

Triple Stumper
    $600 3
Cabaret

Triple Stumper
    $600 22
a zapper

Mark
    $600 30
(Alex: Yes, the Althing, of course, the parliament in that country.)

Iceland

Mark
    $600 12
(Mark: Who is Teller?)

Edward Teller

Mark
Triple Stumper
    $600 7
Benedict Arnold

Sam
    $800 19
the U.N. (United Nations)

Suzanne
    $600 4
Airport

Mark
    $800 29
digital cameras

Triple Stumper
    $800 24
Suriname

Mark
    $800 13
an egg tooth

Suzanne
    $800 8
Hirohito

Suzanne
    $1000 20
Clifton Daniel

Triple Stumper
    $1000 15
(Mark: Who is Paul Newman?)

Walter Brennan

Mark
Triple Stumper
    $1000 25
butler

Mark
    $1000 23
(Alex: And it makes eminent sense. It is [*]. A minute to go, Mark.)

Botswana

Triple Stumper
    $2,000 14
East Timor

Suzanne
    $1000 9
(Alex: Yes, Andrew Jackson.)

the Hermitage

Mark

Scores at the end of the Double Jeopardy! Round:

Mark Sam Suzanne
$9,400 $1,800 $7,700

[wagering suggestions for these scores]

Final Jeopardy! Round responses

THE STOCK EXCHANGE
SamWhat is Starbucks?
$1,798
SuzanneWhat is Sears?
$4,099
MarkWhat is Sears Seven Eleven
$6,001
7-Eleven

Final scores:

Mark Sam Suzanne
$15,401 $2 $3,601
3-day champion: $40,599 3rd place: a Vocopro digital karaoke machine 2nd place: a trip to Las Vegas

Game dynamics:

Coryat scores:

Mark Sam Suzanne
$9,000 $1,800 $6,700
24 R
(including 2 DDs),
3 W
9 R,
2 W
17 R
(including 1 DD),
0 W

Combined Coryat: $17,500

[game clues] [game scores] [suggest correction]

Game tape date: 2001-04-25
The J! Archive is created by fans, for fans. Scraping, republication, monetization, and malicious use prohibited; this site may use cookies and collect identifying information. See terms. The Jeopardy! game show and all elements thereof, including but not limited to copyright and trademark thereto, are the property of Jeopardy Productions, Inc. and are protected under law. This website is not affiliated with, sponsored by, or operated by Jeopardy Productions, Inc. Join the discussion at JBoard.tv.